01462nam a2200349 a 4500001001000000003000500010005001700015008004100032010001100073011001100084040000900095090001000104100004300114245013900157260004100296500006000337502007700397590004100474590004000515590004000555650002400595650003000619650003300649650004200682856007000724901000700794942001000801942000600811999001900817952014000836952013600976000111189CHAP20220329144201.0150115s2014 mx a fsm |||||||spa d a107651 a108623 cCHAP aTesis1 aGranados Ruiz, María Cecilia912900710aDeterminación de antioxidantes en granjeno rojo (Condalia velutina I. M. Johnston)h[En línea]cpor María Cecilia Granados Ruiz. aChapingo, Méx. :bEl autor,c2014. aPara ver el contenido del material haga clic en la liga aTesis (Ing. Agr. Esp. en Fitotecnia) -- UACH. Departamento de Fitotecnia aE11695DGDb10c20150119lUCH01h0801 aE6096MTMb05c20150115lUCH01h1137 aE6096MTMb05c20150115lUCH01h113814aAntioxidantes9607014aFrutaxAnálisis.94359314aFrutaxComposición.94360014aFrutas silvestres comestibles.943678 aFinding aiduhttp://10.13.5.2/tesis/sist111189.pdfzTeclea aquí aBK cTESIS n0 c107651d107651 00102local4053708TESISaBCbBCcPA_TESISd2015-01-15fTESISl0oTesisp33724002439545r2019-12-31 00:00:00tc.2w2019-12-31yTESIS 00104054718TESISaBCbBCd2015-01-15fTESISl0oTesisp33724002439587r2019-12-31 00:00:00w2019-12-31yTESISzRecien adquirido